<?xml version="1.0" encoding="UTF-8"?>
<record
    xmlns:xsi="http://www.w3.org/2001/XMLSchema-instance"
    xsi:schemaLocation="http://www.loc.gov/MARC21/slim http://www.loc.gov/standards/marcxml/schema/MARC21slim.xsd"
    xmlns="http://www.loc.gov/MARC21/slim">

  <leader>01926nam a22002657a 4500</leader>
  <datafield tag="999" ind1=" " ind2=" ">
    <subfield code="c">21989</subfield>
    <subfield code="d">21989</subfield>
  </datafield>
  <controlfield tag="003">AR-CdUCM</controlfield>
  <controlfield tag="008">190425b           ||||| |||| 00| 0 spa d</controlfield>
  <datafield tag="040" ind1=" " ind2=" ">
    <subfield code="a">MUNICIPALIDAD PROVINCIAL DEL CUSCO</subfield>
    <subfield code="c">BIBLIOTECA MUNICIPAL DEL CUSCO</subfield>
  </datafield>
  <datafield tag="082" ind1=" " ind2=" ">
    <subfield code="a">Willaq/N&#xB0;1/1996</subfield>
  </datafield>
  <datafield tag="110" ind1=" " ind2=" ">
    <subfield code="a">Universidad Nacional de San Antonio Abad del Cusco</subfield>
    <subfield code="9">15942</subfield>
  </datafield>
  <datafield tag="245" ind1=" " ind2=" ">
    <subfield code="a">Willaq :</subfield>
    <subfield code="b">Revista de Comunicaci&#xF3;n y Cultura /</subfield>
  </datafield>
  <datafield tag="260" ind1=" " ind2=" ">
    <subfield code="a">Cusco.</subfield>
    <subfield code="b">UNSAAC,</subfield>
    <subfield code="c">1996.</subfield>
  </datafield>
  <datafield tag="300" ind1=" " ind2=" ">
    <subfield code="a">277 p&#xE1;ginas. :</subfield>
    <subfield code="c">21 cm.</subfield>
  </datafield>
  <datafield tag="440" ind1=" " ind2=" ">
    <subfield code="a">Willaq Revista de Comunicaci&#xF3;n y Cultura</subfield>
    <subfield code="n">N&#xB0;[sn] .1996</subfield>
    <subfield code="9">47078</subfield>
  </datafield>
  <datafield tag="505" ind1=" " ind2=" ">
    <subfield code="a">Contenido: La Ciencia de la Comunicaci&#xF3;n. Gladys G. Concha Flores. -- Potencialidades tecnol&#xF3;gicas de los medios de comunicaci&#xF3;n nuevos usos sociales. Gu&#xED;sela Yabar Torres. -- Motivaci&#xF3;n y comportamiento Humano. Julio Abarca. -- Contactos interling&#xFC;&#xED;sticas del castellano en el Per&#xFA;.  Urbano L&#xF3;pez Romero. -- Diccionario consolidado Quechua en circulaci&#xF3;n. Julio Apaza Gonzales. -- P&#xE9;rez Ocampo o la poes&#xED;a de un plural desvelo. Mario Pantoja Palomino. -- Los mitos Incas en los comentarios reales. Julio Galdo Bellota. -- Jos&#xE9; Mar&#xED;a Arguedas itinerario de un educador. &#xC1;ngel N&#xFA;&#xF1;ez Salas. -- Machupicchu expresi&#xF3;n del poder de los Inkas en los mitos andinos. Efra&#xED;n C&#xE1;ceres. -- Apuntes para una historia de la imprenta en el Per&#xFA;.  Enrique Rozas Paravicino. -- El observatorio astron&#xF3;mico Inka de Sacsayhuaman. Julio Palomino D&#xED;az. -- El vocablo Indio. F&#xE9;lix Rocabado Muriel. -- Per&#xFA; Suyanman kuinpuspay volviendo a mi patria el Per&#xFA;. Faustino Espinoza Navarro. -- Filosof&#xED;a Andina. Armando Valenzuela Lov&#xF3;n...</subfield>
  </datafield>
  <datafield tag="650" ind1=" " ind2=" ">
    <subfield code="a">Comunicaci&#xF3;n</subfield>
    <subfield code="9">47079</subfield>
  </datafield>
  <datafield tag="650" ind1=" " ind2=" ">
    <subfield code="a">Ling&#xFC;&#xED;stica</subfield>
    <subfield code="9">1640</subfield>
  </datafield>
  <datafield tag="650" ind1=" " ind2=" ">
    <subfield code="a">Inkas</subfield>
    <subfield code="9">1899</subfield>
  </datafield>
  <datafield tag="700" ind1=" " ind2=" ">
    <subfield code="a">Concha Flores, Gladys</subfield>
    <subfield code="9">46837</subfield>
  </datafield>
  <datafield tag="700" ind1=" " ind2=" ">
    <subfield code="a">Yabar Torres, Gu&#xED;sela</subfield>
    <subfield code="9">47080</subfield>
  </datafield>
  <datafield tag="700" ind1=" " ind2=" ">
    <subfield code="a">L&#xF3;pez Romero, Urbano</subfield>
    <subfield code="9">47081</subfield>
  </datafield>
  <datafield tag="942" ind1=" " ind2=" ">
    <subfield code="2">ddc</subfield>
    <subfield code="c">PP</subfield>
  </datafield>
  <datafield tag="945" ind1=" " ind2=" ">
    <subfield code="a">rac</subfield>
  </datafield>
  <datafield tag="952" ind1=" " ind2=" ">
    <subfield code="0">0</subfield>
    <subfield code="2">ddc</subfield>
    <subfield code="4">0</subfield>
    <subfield code="7">0</subfield>
    <subfield code="a">HEM</subfield>
    <subfield code="b">HEM</subfield>
    <subfield code="c">CART</subfield>
    <subfield code="d">2022-02-02</subfield>
    <subfield code="g">5.00</subfield>
    <subfield code="o">Willaq/N&#xB0;1/1996</subfield>
    <subfield code="p">REVC000505</subfield>
    <subfield code="r">2022-02-02</subfield>
    <subfield code="y">PP</subfield>
  </datafield>
</record>
